000 00480nam a2200205Ia 4500
008 210210b1879 xxu||||| |||| 00| 0 eng d
041 _aeng
082 _a822/1154
100 _aSTEVENSON (R L)
245 _aFamiliar studies of men and books
260 _aLondon
_bThomas Nelson and Sons Limited
_c1879
650 _astudies
650 _aof
650 _amen
650 _aFamiliar
650 _abooks
650 _aand
690 _aEnglish Prose
906 _a013336
999 _c132201
_d132201